000 00669nam a2200289Ia 4500
005 20260324131517.0
008 008 260324s9999 xx 000 0 eng d
020 _a9780203051047
037 _aEBOOK
040 _aCRL
040 _beng
040 _cCRL
041 _2eng
041 _aeng
084 _qCRL
100 _aJack H Bloom
_91185774
245 0 _aJewish Relational Care A-Z
245 0 _bWe Are Our Other's Keeper
260 _bTaylor and Francis
260 _c2006
365 _a
365 _b220
856 _uhttp://www.taylorfrancis.com/books/9780203051047
942 _cEBOOK
999 _c1783007
_d1783007